Top 10 Countries in Raspberry Production - Statistics

General Stats
  • This quiz has been taken 785 times
  • The average score is 6 of 10
Answer Stats
# (metric ton) Country % Correct
102.51 k United States
97%
174.00 k Russia
88%
16.69 k United Kingdom
86%
128.85 k Mexico
74%
75.66 k Poland
74%
59.99 k Spain
69%
35.54 k Ukraine
67%
120.06 k Serbia
41%
15.94 k Chile
35%
19.75 k Bosnia and Herzegovina
16%
No matching quizzes found
Score Distribution
Percent of People with Each Score
Percentile by Number Answered
Your Score History
You have not taken this quiz